[Event "C.to Italiano U16 femminile"]
[Site "Courmayeur ITA"]
[Date "2009.06.30"]
[Round "2"]
[White "Pignatelli, Francesca"]
[Black "Messina, Roberta"]
[Result "1/2-1/2"]
[WhiteElo "1626"]
[BlackElo "1901"]
[PlyCount "120"]
[EventDate "2009.06.29"]

1. c4 Nf6 2. Nc3 b6 3. d4 Bb7 4. Nf3 e6 5. g3 Ne4 6. Nxe4 Bxe4 7. a3 Be7 8. Bg2
O-O 9. O-O d5 10. Qb3 Nc6 11. Bd2 Bf6 12. Bc3 a5 13. cxd5 a4 14. Qc4 Bxd5 15.
Qd3 Na5 16. Nd2 Bxg2 17. Kxg2 c5 18. dxc5 Qxd3 19. exd3 Bxc3 20. bxc3 bxc5 21.
Kf3 Nb3 22. Nxb3 axb3 23. Rfb1 Rfb8 24. a4 h6 25. Ke3 Ra7 26. Ra3 b2 27. Kd2
Rd7 28. Kc2 Rbd8 29. c4 Re8 30. Rxb2 Ra7 31. Rba2 Ra5 32. f4 Kh7 33. Kc3 Kg6
34. d4 Rc8 35. Rb3 cxd4+ 36. Kxd4 Rca8 37. Rb4 Rd8+ 38. Kc3 Rda8 39. Kb3 e5 40.
Rb5 e4 41. Rxa5 Rxa5 42. g4 h5 43. Kb4 Ra8 44. h3 hxg4 45. hxg4 f5 46. gxf5+
Kxf5 47. c5 Rb8+ 48. Kc4 Kxf4 49. c6 e3 50. Kc5 g5 51. c7 Rh8 52. a5 Kf3 53. a6
e2 54. Ra1 Kf2 55. Kb6 e1=Q 56. Rxe1 Kxe1 57. a7 g4 58. Kb7 g3 59. a8=Q Rxa8
60. Kxa8 g2 1/2-1/2

[Event "C.to Italiano U16 femminile"]
[Site "Courmayeur ITA"]
[Date "2009.06.30"]
[Round "3"]
[White "Venturelli, Ester"]
[Black "Casolino, Rosamaria"]
[Result "0-1"]
[WhiteElo "1572"]
[BlackElo "1826"]
[PlyCount "66"]
[EventDate "2009.06.29"]

1. e4 c5 2. c3 e6 3. d4 d5 4. e5 Nc6 5. Bb5 Bd7 6. Nf3 Qb6 7. Ba4 f6 8. Bc2 Be7
9. O-O O-O-O 10. b3 f5 11. Bg5 h6 12. Bc1 g5 13. Bb2 g4 14. Ne1 h5 15. a4 h4
16. Ba3 cxd4 17. cxd4 Qxd4 18. Qxd4 Nxd4 19. Bxe7 Nxe7 20. Na3 Ng6 21. Nd3 Ne2+
22. Kh1 Nef4 23. Rfe1 Nxd3 24. Bxd3 a6 25. Rac1+ Kb8 26. a5 Nf4 27. Bf1 Bc6 28.
Nc2 d4 29. Nb4 Be4 30. Rxe4 fxe4 31. Rd1 Nd5 32. Nc2 d3 33. Nd4 Nc3 0-1

[Event "C.to Italiano U16 femminile"]
[Site "Courmayeur ITA"]
[Date "2009.06.30"]
[Round "3"]
[White "Venturelli, Miriam"]
[Black "Polin, Giulia"]
[Result "1-0"]
[WhiteElo "1520"]
[BlackElo "1704"]
[PlyCount "125"]
[EventDate "2009.06.29"]

1. e4 c5 2. c3 Nf6 3. e5 Nd5 4. d4 e6 5. Nf3 Be7 6. Bc4 Nb6 7. Bb5 O-O 8. O-O
d6 9. exd6 Bxd6 10. Be3 cxd4 11. Nxd4 e5 12. Nf3 Bg4 13. Nbd2 Nc6 14. Qc2 h6
15. Ne1 Qh4 16. Ne4 Bc7 17. f3 Be6 18. Bf2 Qh5 19. Ng3 Qg5 20. Ne4 Qg6 21. Bd3
f5 22. Ng3 Nd5 23. Bc4 Rad8 24. Rd1 Nf4 25. Bxe6+ Nxe6 26. Ne2 Rxd1 27. Qxd1
Rd8 28. Qc2 Qg5 29. Ng3 Rd2 30. Qb3 Kf7 31. Qxb7 Na5 32. Qxa7 Rxb2 33. Nd3 Rb7
34. Qa6 Qf6 35. Nb4 Nf4 36. Qxf6+ Kxf6 37. Rd1 Ke6 38. Be3 Bb6 39. Bxb6 Rxb6
40. Kf2 Nc4 41. Ne2 Nh5 42. Rd8 Ke7 43. Rc8 Nd6 44. Rc6 Rb5 45. a4 Rb8 46. a5
Ra8 47. a6 e4 48. fxe4 Nxe4+ 49. Ke3 Kd7 50. Nd4 Nhf6 51. Kf4 g6 52. h3 Nh5+
53. Kf3 Nhf6 54. Nd3 Ng5+ 55. Ke2 Nfe4 56. Ne5+ Kd8 57. Rxg6 Ke7 58. Ndc6+ Kf8
59. Kd3 Nc5+ 60. Kc4 Nxa6 61. Rxh6 Nf7 62. Rf6 Kg7 63. Rxf7+ 1-0

[Event "C.to Italiano U16 femminile"]
[Site "Courmayeur ITA"]
[Date "2009.07.02"]
[Round "4"]
[White "Casolino, Rosamaria"]
[Black "Venturelli, Miriam"]
[Result "1-0"]
[WhiteElo "1826"]
[BlackElo "1520"]
[PlyCount "61"]
[EventDate "2009.06.29"]

1. e4 e5 2. Nf3 Nc6 3. Bb5 a6 4. Ba4 Bc5 5. O-O b5 6. Bb3 Nf6 7. Nxe5 Nxe5 8.
d4 Qe7 9. dxc5 Qxc5 10. Be3 Qe7 11. Nc3 O-O 12. Bg5 c6 13. Kh1 h6 14. Bxf6 Qxf6
15. f4 Ng6 16. e5 Qd8 17. Ne4 Qc7 18. Nd6 Bb7 19. Qh5 Nh8 20. Rad1 c5 21. Nxb7
Qxb7 22. Bd5 Qc7 23. Bxa8 Rxa8 24. Rd6 Ng6 25. Qf5 Nf8 26. Rfd1 Ne6 27. Rxd7
Qc8 28. Qxf7+ Kh7 29. Qxe6 Ra7 30. Qf5+ Kh8 31. Rd8+ 1-0

[Event "C.to Italiano U16 femminile"]
[Site "Courmayeur ITA"]
[Date "2009.07.02"]
[Round "4"]
[White "Polin, Giulia"]
[Black "Messina, Roberta"]
[Result "1/2-1/2"]
[WhiteElo "1704"]
[BlackElo "1901"]
[PlyCount "92"]
[EventDate "2009.06.29"]

1. e4 c5 2. Nf3 d6 3. d4 cxd4 4. Nxd4 Nf6 5. Nc3 a6 6. Be2 e6 7. O-O Be7 8. f4
Qc7 9. Kh1 Nc6 10. Be3 O-O 11. a4 Nxd4 12. Qxd4 e5 13. Qb6 Qc6 14. Qxc6 bxc6
15. fxe5 dxe5 16. Bg5 Rb8 17. Rab1 a5 18. Bd3 h6 19. Bh4 Be6 20. h3 Rfe8 21.
Bf2 Nd7 22. Rfd1 Nc5 23. b3 Rb7 24. Be2 Reb8 25. Bf3 f6 26. Rbc1 Bf7 27. Bg4
Rb4 28. Re1 Rd8 29. Rcd1 Rxd1 30. Bxd1 Bg6 31. Bf3 Ne6 32. Na2 Rb8 33. Rd1 Rb7
34. h4 Nc5 35. Nc3 Rb4 36. Na2 Rb7 37. Nc3 Ne6 38. Na2 Be8 39. Bg4 Bf7 40. Bf3
Bc5 41. Bxc5 Nxc5 42. Rd8+ Kh7 43. Ra8 Nxa4 44. Rxa5 Nb6 45. Rc5 Rc7 46. Nb4
Be8 1/2-1/2

[Event "C.to Italiano U16 femminile"]
[Site "Courmayeur ITA"]
[Date "2009.07.02"]
[Round "5"]
[White "Messina, Roberta"]
[Black "Casolino, Rosamaria"]
[Result "0-1"]
[WhiteElo "1901"]
[BlackElo "1826"]
[PlyCount "82"]
[EventDate "2009.06.29"]

1. e4 c5 2. Nf3 d6 3. d4 cxd4 4. Nxd4 Nf6 5. Nc3 a6 6. g3 e5 7. Nde2 b5 8. Bg2
Bb7 9. a3 Nbd7 10. Bg5 Be7 11. O-O O-O 12. h3 Nc5 13. Bxf6 Bxf6 14. g4 Ne6 15.
Nd5 Bg5 16. Bf3 Rc8 17. Kg2 Bh4 18. Ne3 Ng5 19. Nc3 g6 20. Ncd5 Ne6 21. c3 Qg5
22. Kh2 Nf4 23. Rc1 Nxd5 24. Nxd5 Bxd5 25. Qxd5 Bxf2 26. Bg2 Qf4+ 27. Kh1 Qg3
28. Rc2 Bc5 29. Rd2 Qh4 30. Rd3 Qe7 31. Rdf3 Ba7 32. Rf6 Bb8 33. g5 Rc5 34. Qd3
Rc4 35. h4 Qd7 36. Qf3 d5 37. Qe3 Ba7 38. Qd3 Qg4 39. R6f3 dxe4 40. Rg3 Qxh4+
41. Rh3 exd3 0-1

[Event "C.to Italiano U16 femminile"]
[Site "Courmayeur ITA"]
[Date "2009.07.02"]
[Round "5"]
[White "Venturelli, Miriam"]
[Black "Pignatelli, Francesca"]
[Result "0-1"]
[WhiteElo "1520"]
[BlackElo "1626"]
[PlyCount "76"]
[EventDate "2009.06.29"]

1. e4 e6 2. d4 d5 3. Nc3 Bb4 4. exd5 Bxc3+ 5. bxc3 exd5 6. Ba3 Ne7 7. c4 Nbc6
8. c3 Be6 9. cxd5 Qxd5 10. Nf3 O-O 11. Be2 Qa5 12. Qc1 Rfe8 13. O-O Ng6 14. Re1
Bg4 15. Bb2 h6 16. Kf1 Qh5 17. h3 Bxf3 18. Bxf3 Qb5+ 19. Be2 Qf5 20. Qb1 Qd5
21. Bf3 Qc4+ 22. Kg1 Nf4 23. Bc1 Rxe1+ 24. Kh2 Nd3 25. Qxb7 Rb8 26. Qxc7 Qe6
27. Bxc6 Rc8 28. Qg3 Qxc6 29. Qxd3 Qd6+ 30. g3 Qd5 31. f3 Rce8 32. h4 R8e2+ 33.
Kh3 Rh1+ 34. Kg4 h5+ 35. Kf4 g5+ 36. hxg5 Qd6+ 37. Kf5 Qg6+ 38. Kf4 Qxd3 0-1

[Event "C.to Italiano U16 femminile"]
[Site "Courmayeur ITA"]
[Date "2009.07.03"]
[Round "6"]
[White "Casolino, Rosamaria"]
[Black "Scollo, Sissi"]
[Result "1-0"]
[WhiteElo "1826"]
[BlackElo "1567"]
[PlyCount "95"]
[EventDate "2009.06.29"]

1. e4 c5 2. Nc3 d6 3. g3 g6 4. Bg2 Bg7 5. d3 Nf6 6. h3 O-O 7. Be3 Nc6 8. Qd2 e6
9. Nge2 Re8 10. f4 a6 11. g4 Ne7 12. Ng3 Qc7 13. Qf2 Rf8 14. g5 Ne8 15. h4 Qb6
16. Bc1 Qb4 17. Qd2 h5 18. gxh6 Bxh6 19. a3 Qd4 20. Nce2 Qf6 21. Qc3 Qxc3+ 22.
Nxc3 Nf6 23. h5 Nxh5 24. Nxh5 gxh5 25. Rxh5 Kg7 26. Bd2 Rb8 27. O-O-O b5 28.
Rg1 f5 29. Na2 e5 30. Bf3+ Ng6 31. fxe5 Bxd2+ 32. Kxd2 dxe5 33. Rhg5 Rf6 34.
Bh5 Rbb6 35. Nc3 Bb7 36. exf5 Kf7 37. Bxg6+ Ke7 38. Bh7 Rf7 39. Bg8 Rf8 40.
Nd5+ Bxd5 41. Bxd5 Rbf6 42. Rg7+ Kd6 43. Be4 c4 44. R1g6 Kc5 45. Rxf6 Rxf6 46.
Rg6 Rf8 47. Rc6+ Kd4 48. c3# 1-0

[Event "C.to Italiano U16 femminile"]
[Site "Courmayeur ITA"]
[Date "2009.07.03"]
[Round "6"]
[White "Pignatelli, Francesca"]
[Black "Pavei, Deborah"]
[Result "1-0"]
[WhiteElo "1626"]
[BlackElo "1618"]
[PlyCount "103"]
[EventDate "2009.06.29"]

1. c4 Nf6 2. Nc3 b6 3. d4 d5 4. cxd5 Nxd5 5. e4 Nxc3 6. bxc3 e6 7. Bb5+ c6 8.
Ba4 b5 9. Bc2 c5 10. Nf3 Bb7 11. O-O Nd7 12. Re1 Be7 13. e5 O-O 14. Qd3 g6 15.
Bh6 c4 16. Qe3 Re8 17. Ng5 Bf8 18. Qf4 Qe7 19. Ne4 Bxh6 20. Qxh6 Qf8 21. Qh4
Bxe4 22. Bxe4 Rab8 23. Bc6 Red8 24. a3 a6 25. Bxd7 Rxd7 26. Reb1 a5 27. Rb2
Rdb7 28. Qe4 b4 29. axb4 axb4 30. Rxb4 Rxb4 31. cxb4 Qxb4 32. g3 c3 33. Rc1 Qb2
34. Qc2 Qxc2 35. Rxc2 Rb3 36. Kf1 Kf8 37. Ke2 Rb2 38. Kd3 Rxc2 39. Kxc2 Ke7 40.
Kxc3 Kd7 41. Kb4 Kc6 42. Kc4 Kd7 43. Kb5 Kc7 44. Kc5 Kd7 45. Kb6 h6 46. h3 g5
47. g4 Ke7 48. Kc7 f6 49. f3 fxe5 50. dxe5 Ke8 51. Kd6 Kf7 52. Kd7 1-0

[Event "C.to Italiano U16 femminile"]
[Site "Courmayeur ITA"]
[Date "2009.07.03"]
[Round "7"]
[White "Messina, Roberta"]
[Black "Palmitessa, Chiara"]
[Result "1/2-1/2"]
[WhiteElo "1901"]
[BlackElo "1803"]
[PlyCount "84"]
[EventDate "2009.06.29"]

1. e4 e5 2. Nf3 Nc6 3. Bc4 Bc5 4. c3 Nf6 5. d3 d6 6. Bb3 Bg4 7. h3 Bh5 8. g4
Bg6 9. Qe2 Qd7 10. Ba4 O-O-O 11. b4 Bb6 12. Bxc6 Qxc6 13. a4 a5 14. Be3 Rhe8
15. b5 Qd7 16. Bxb6 cxb6 17. c4 Qc7 18. Nbd2 Nd7 19. Nh4 Qc5 20. Ng2 Qb4 21.
Ne3 Qc3 22. O-O Nc5 23. Nd5 Qxd3 24. Qxd3 Nxd3 25. Nxb6+ Kb8 26. Ra3 Nc5 27. f3
f6 28. Nb3 Ka7 29. Nd5 Nxb3 30. b6+ Kb8 31. Rxb3 Bf7 32. Rb5 Bxd5 33. cxd5 Rc8
34. Rxa5 Rc4 35. Rb1 Rec8 36. Rb2 Rc1+ 37. Kg2 R1c2+ 38. Rxc2 Rxc2+ 39. Kg3 Rc4
40. h4 Rb4 41. Rb5 Rxb5 42. axb5 g5 1/2-1/2

[Event "C.to Italiano U16 femminile"]
[Site "Courmayeur ITA"]
[Date "2009.07.03"]
[Round "7"]
[White "Pignatelli, Francesca"]
[Black "Casolino, Rosamaria"]
[Result "0-1"]
[WhiteElo "1626"]
[BlackElo "1826"]
[PlyCount "116"]
[EventDate "2009.06.29"]

1. e4 c5 2. Nf3 d6 3. d4 cxd4 4. Nxd4 Nf6 5. Nc3 a6 6. f4 e5 7. Nf3 exf4 8.
Bxf4 Be7 9. a4 Qb6 10. Rb1 Bg4 11. Be2 Nh5 12. Nd5 Qd8 13. Qd2 Nxf4 14. Qxf4
Bxf3 15. Qxf3 Nc6 16. O-O O-O 17. Bc4 Ne5 18. Qb3 Bg5 19. Nb6 Nxc4 20. Nxc4 d5
21. Rbd1 dxc4 22. Qxb7 Be3+ 23. Kh1 Qb6 24. Qd5 Qc5 25. Rf3 Qxd5 26. exd5 Bg5
27. Rc3 Rac8 28. d6 Rfd8 29. d7 Rc7 30. g3 Kf8 31. Rd4 Rdxd7 32. Rxd7 Rxd7 33.
Rxc4 Rb7 34. b3 Rb6 35. Kg2 Ke8 36. Kf3 Kd7 37. Rc5 Bf6 38. Ke4 Rb4+ 39. Kd3
Rd4+ 40. Ke3 Rd6 41. Ra5 Bc3 42. Rf5 Ke6 43. Rf1 Rd2 44. Rh1 Ba5 45. c3 Bxc3
46. Rc1 Ba5 47. Rc6+ Rd6 48. Rc4 Rb6 49. Ke2 Kd6 50. Rf4 Ke6 51. Rc4 Kd6 52.
Rf4 Ke7 53. Rf3 Rd6 54. h3 Rc6 55. Rf5 Bc7 56. Rf3 Be5 57. Kd2 g6 58. Re3 Kd6
0-1

[Event "C.to Italiano U16 femminile"]
[Site "Courmayeur ITA"]
[Date "2009.07.04"]
[Round "8"]
[White "Casolino, Rosamaria"]
[Black "Polin, Giulia"]
[Result "0-1"]
[WhiteElo "1826"]
[BlackElo "1704"]
[PlyCount "64"]
[EventDate "2009.06.29"]

1. e4 c5 2. Nc3 Nc6 3. g3 Rb8 4. a4 g6 5. d3 Bg7 6. Bg2 a6 7. Be3 d6 8. Nge2 b5
9. axb5 axb5 10. d4 b4 11. Nd5 e6 12. Ndf4 cxd4 13. Nxd4 Nxd4 14. Bxd4 Bxd4 15.
Qxd4 e5 16. Qa7 Rb7 17. Qa4+ Bd7 18. Qa8 Rb8 19. Nd5 Rxa8 20. Rxa8 Bc8 21. Bh3
Bxh3 22. Rxd8+ Kxd8 23. Kd2 Be6 24. Nxb4 Nf6 25. f3 Kc7 26. Ra1 Kb7 27. Ra6 d5
28. Ra3 dxe4 29. Ke3 exf3 30. Kxf3 Rd8 31. Ke2 Rd4 32. Nd3 Bc4 0-1

[Event "C.to Italiano U16 femminile"]
[Site "Courmayeur ITA"]
[Date "2009.07.04"]
[Round "8"]
[White "Pes, Eleonora"]
[Black "Pignatelli, Francesca"]
[Result "0-1"]
[WhiteElo "1630"]
[BlackElo "1626"]
[PlyCount "84"]
[EventDate "2009.06.29"]

1. e4 e6 2. d4 d5 3. e5 c5 4. c3 Nc6 5. Nf3 Qa5 6. Bd2 Qb6 7. Bc1 cxd4 8. cxd4
Nge7 9. b3 Nf5 10. Bb2 Bb4+ 11. Nc3 Nfxd4 12. Nxd4 Nxd4 13. Be2 Nxe2 14. Qxe2
d4 15. Qc2 Qa5 16. O-O Bxc3 17. Bxc3 Qxc3 18. Qe2 d3 19. Qe3 O-O 20. Rfc1 Qa5
21. Qxd3 Qxe5 22. Rd1 h6 23. Rac1 Qf5 24. Qc4 Qa5 25. Qe2 Rd8 26. h3 Bd7 27.
Qf3 Bc6 28. Qe2 Rxd1+ 29. Rxd1 Rd8 30. Rc1 Qd2 31. Qc4 Qd5 32. Qg4 Qg5 33. Qxg5
hxg5 34. Rc2 f6 35. Re2 Kf7 36. Kh2 Rd4 37. Kg3 a5 38. f3 a4 39. bxa4 Rxa4 40.
Rd2 Bd5 41. Rc2 Rxa2 42. Rc7+ Kg6 0-1

[Event "C.to Italiano U16 femminile"]
[Site "Courmayeur ITA"]
[Date "2009.07.05"]
[Round "9"]
[White "Palmitessa, Chiara"]
[Black "Casolino, Rosamaria"]
[Result "1/2-1/2"]
[WhiteElo "1803"]
[BlackElo "1826"]
[PlyCount "105"]
[EventDate "2009.06.29"]

1. e4 c5 2. Nf3 d6 3. d4 cxd4 4. Nxd4 Nf6 5. Nc3 a6 6. f3 e5 7. Nb3 Be6 8. Be3
b5 9. Qd2 Be7 10. g4 Nfd7 11. O-O-O Nb6 12. Bxb6 Qxb6 13. Nd5 Bxd5 14. Qxd5 Ra7
15. Kb1 O-O 16. Qd2 Rc7 17. h4 Rfc8 18. Bd3 Nc6 19. g5 a5 20. Rh2 a4 21. Nc1
Nd4 22. Qe3 Qc5 23. c3 Ne6 24. Qxc5 Rxc5 25. Bf1 Nf4 26. Nd3 Nxd3 27. Rxd3 b4
28. Rc2 R8c6 29. Rd5 bxc3 30. Rxc5 Rxc5 31. Rxc3 Rxc3 32. bxc3 h6 33. gxh6 g6
34. Bb5 a3 35. Kc2 Kh7 36. Bc4 f6 37. Kb3 Kxh6 38. Bd5 Kh5 39. Bf7 Kxh4 40.
Bxg6 Kg3 41. Bh5 Kh4 42. Bg4 Kg3 43. Kc4 Bd8 44. Kd5 Ba5 45. Kc4 Bd8 46. Kd5
Ba5 47. Kxd6 Bxc3 48. Ke6 Kf4 49. Kxf6 Bd4 50. Ke6 Bc3 51. Kd5 Bd4 52. Kc4 Ba1
53. Kb3 1/2-1/2

[Event "C.to Italiano U16 femminile"]
[Site "Courmayeur ITA"]
[Date "2009.07.05"]
[Round "9"]
[White "Polin, Giulia"]
[Black "Pignatelli, Francesca"]
[Result "1/2-1/2"]
[WhiteElo "1704"]
[BlackElo "1626"]
[PlyCount "118"]
[EventDate "2009.06.29"]

1. e4 Nc6 2. Nf3 d5 3. exd5 Qxd5 4. Nc3 Qa5 5. d4 Nf6 6. d5 Nd8 7. Bb5+ c6 8.
dxc6 bxc6 9. Bd3 e6 10. O-O Ba6 11. Re1 Bxd3 12. Qxd3 Be7 13. Ne5 O-O 14. Bg5
Re8 15. Qf3 Rc8 16. Qd3 Nd5 17. Bxe7 Rxe7 18. Ne4 Nf4 19. Qc3 Qxc3 20. Nxc3 Nb7
21. Rad1 Kf8 22. Ne2 Nxe2+ 23. Rxe2 Nc5 24. Red2 Ke8 25. Nxc6 Rd7 26. Rxd7 Nxd7
27. Nxa7 Rxc2 28. Rb1 Ne5 29. a4 Nd3 30. b3 Nc5 31. f3 Rc3 32. b4 Nxa4 33. b5
Nb6 34. Rd1 Rc5 35. Kf2 Ke7 36. g4 Nd5 37. Rb1 Rc7 38. Nc6+ Kd6 39. Nd4 Rb7 40.
Rc1 g6 41. Rb1 Kc5 42. Nb3+ Kxb5 43. Na5+ Kxa5 44. Rxb7 f6 45. Rxh7 Kb4 46. h4
Kc4 47. Rh6 Nf4 48. Ke3 Nd5+ 49. Ke4 Nc3+ 50. Ke3 Nd5+ 51. Kf2 Nf4 52. Ke3 Nd5+
53. Kd2 Nf4 54. g5 fxg5 55. hxg5 Kd4 56. Rh8 Ke5 57. Ra8 Kf5 58. Ra5+ e5 59.
Ke3 Ng2+ 1/2-1/2

[Event "II Open Oro Caffe'"]
[Site "Udine ITA"]
[Date "2009.07.06"]
[Round "1"]
[White "Bove, Alessandro"]
[Black "Menon, Michele"]
[Result "1-0"]
[WhiteElo "2305"]
[BlackElo "1741"]
[PlyCount "67"]
[EventDate "2009.07.06"]

1. e4 d6 2. d4 Nf6 3. Nc3 c6 4. Nf3 Bg4 5. h3 Bh5 6. Be3 e6 7. Bd3 Be7 8. Qe2
d5 9. O-O Bg6 10. exd5 Bxd3 11. Qxd3 cxd5 12. Ne5 O-O 13. f4 Nc6 14. f5 Nb4 15.
Qe2 Rc8 16. Rad1 Ne4 17. Nxe4 dxe4 18. c3 Nd5 19. fxe6 fxe6 20. Bc1 Nf6 21. Bg5
Nd5 22. Bxe7 Qxe7 23. Qxe4 Qg5 24. Rxf8+ Rxf8 25. Nf3 Qf6 26. Re1 Nf4 27. Kh2
Kh8 28. Rf1 Qh6 29. Ne5 Kg8 30. Ng4 Qg5 31. g3 Ng6 32. Qxe6+ Kh8 33. Rxf8+ Nxf8
34. Qf7 1-0

[Event "II Open Oro Caffe'"]
[Site "Udine ITA"]
[Date "2009.07.06"]
[Round "1"]
[White "Bozza, Stefano"]
[Black "Visintin, Roberto"]
[Result "0-1"]
[WhiteElo "1560"]
[BlackElo "2033"]
[PlyCount "118"]
[EventDate "2009.07.06"]

1. e4 Nf6 2. Nc3 d5 3. exd5 Nxd5 4. Qf3 c6 5. Bc4 Be6 6. Nge2 Nc7 7. Bxe6 Nxe6
8. d3 g6 9. Ne4 Bg7 10. c3 Nd7 11. Qh3 Ne5 12. d4 Qd5 13. dxe5 Qxe4 14. f4 Rd8
15. Qf3 Qxf3 16. gxf3 Rd3 17. Kf2 O-O 18. Be3 c5 19. Rad1 Rfd8 20. Rxd3 Rxd3
21. h4 h5 22. Nc1 Rd5 23. Nb3 b6 24. Nc1 f6 25. c4 Rd7 26. exf6 Bxf6 27. b3 Ng7
28. Ke2 Nf5 29. Bf2 Bd4 30. Rd1 Rd6 31. Bxd4 Rxd4 32. Rxd4 cxd4 33. Kd3 Nxh4
34. Kxd4 Nf5+ 35. Ke5 h4 36. Nd3 h3 37. Nf2 h2 38. Nh1 Kf7 39. b4 Ke8 40. c5
bxc5 41. bxc5 Kd7 42. Kd5 Nh4 43. c6+ Kc7 44. Ke6 Kxc6 45. Kxe7 Kd5 46. Kf6
Nxf3 47. Nf2 Kd4 48. Kxg6 Ke3 49. Ng4+ Kxf4 50. Nxh2 Nxh2 51. Kf6 Ke4 52. Ke6
Kd4 53. Kd6 Kc4 54. Kc6 a5 55. Kb6 Kb4 56. a3+ Ka4 57. Kc5 Kxa3 58. Kc4 Nf3 59.
Kc3 Nd4 0-1

[Event "II Open Oro Caffe'"]
[Site "Udine ITA"]
[Date "2009.07.06"]
[Round "1"]
[White "Capaliku, Aleks"]
[Black "Viola, Enrico"]
[Result "1-0"]
[WhiteElo "2093"]
[BlackElo "1614"]
[PlyCount "33"]
[EventDate "2009.07.06"]

1. f4 Nf6 2. Nf3 d5 3. e3 c5 4. b3 Nc6 5. Bb5 Bd7 6. Bb2 e6 7. O-O Bd6 8. d3
Qb6 9. Bxc6 Bxc6 10. Nbd2 c4 11. Bd4 Bc5 12. bxc4 Bxd4 13. Nxd4 dxc4 14. Nxc4
Qc5 15. Nxc6 Qxc6 16. Qf3 Qxf3 17. gxf3 1-0

[Event "II Open Oro Caffe'"]
[Site "Udine ITA"]
[Date "2009.07.06"]
[Round "1"]
[White "Castellano, Alfonso"]
[Black "Miseri, Paolo"]
[Result "1-0"]
[WhiteElo "1952"]
[BlackElo "1488"]
[PlyCount "89"]
[EventDate "2009.07.06"]

1. c4 c5 2. g3 Nc6 3. Bg2 Nf6 4. Nc3 g6 5. Nf3 Bg7 6. O-O O-O 7. d4 cxd4 8.
Nxd4 Re8 9. Nb3 b6 10. e4 e5 11. Nb5 Bf8 12. Nd6 Re6 13. Nxc8 Rxc8 14. Be3 Re8
15. Qe2 Qc7 16. Rac1 d6 17. Bh3 Rb8 18. Bg5 Bg7 19. Qe3 Nd8 20. Qf3 Nd7 21.
Rfd1 Ne6 22. Be3 Nf6 23. Nd2 Qb7 24. b4 h5 25. Qe2 Kh7 26. f3 Qe7 27. Nb3 Rbd8
28. Rd3 Rg8 29. Qd2 Ne8 30. Rd1 Bf8 31. c5 Qc7 32. Bxe6 fxe6 33. Rc1 bxc5 34.
bxc5 Qf7 35. Bg5 Rc8 36. c6 Be7 37. Kg2 Bxg5 38. Qxg5 Rf8 39. Na5 Qg7 40. Nb7
Qh6 41. Qe7+ Qg7 42. Qxe6 Qc7 43. Nxd6 Nxd6 44. Rxd6 Qb6 45. Qxg6+ 1-0

[Event "II Open Oro Caffe'"]
[Site "Udine ITA"]
[Date "2009.07.06"]
[Round "1"]
[White "Cisilino, Oscar"]
[Black "Laco, Giuseppe"]
[Result "1-0"]
[WhiteElo "1670"]
[BlackElo "2135"]
[PlyCount "191"]
[EventDate "2009.07.06"]

1. c4 c5 2. Nc3 Nc6 3. Nf3 g6 4. g3 Bg7 5. Bg2 d6 6. O-O e5 7. e3 Nge7 8. d3
O-O 9. Rb1 a5 10. Ne1 h6 11. f4 Kh7 12. e4 Nd4 13. Be3 Nec6 14. Nd5 a4 15. Nc2
Be6 16. Bxd4 cxd4 17. Ncb4 Bxd5 18. Nxd5 Ne7 19. f5 Nxd5 20. exd5 Qg5 21. Qe2
h5 22. Kh1 Bh6 23. Be4 Kg7 24. Rf3 Rab8 25. Rbf1 Kg8 26. Qf2 Qg4 27. fxg6 fxg6
28. Rf6 Bg7 29. Rf3 Qg5 30. Qc2 b5 31. Rxf8+ Bxf8 32. Qf2 Bg7 33. Qf7+ Kh7 34.
Qc7 Qd8 35. Qf7 Qg5 36. Qa7 Rg8 37. cxb5 Kh6 38. b6 Rc8 39. Qf7 Rf8 40. Qxf8
Bxf8 41. Rxf8 Qc1+ 42. Kg2 Qxb2+ 43. Kh3 Kg7 44. Ra8 Qxb6 45. Rxa4 Qb1 46. Ra6
g5 47. Kg2 Qb8 48. a4 Kf6 49. h3 Ke7 50. Rc6 Qb2+ 51. Kg1 Qa1+ 52. Kg2 Qxa4 53.
Rc7+ Kf8 54. Rc6 Qa3 55. Rc8+ Kg7 56. Rc7+ Kg8 57. Rc8+ Kg7 58. Rc7+ Kf6 59.
Rh7 Qb2+ 60. Kg1 Qc1+ 61. Kg2 Qd2+ 62. Kg1 Qe1+ 63. Kg2 h4 64. gxh4 Qe2+ 65.
Kg1 gxh4 66. Rh6+ Ke7 67. Rg6 Kd7 68. Rg2 Qe3+ 69. Kh2 Kc7 70. Rg4 Kb6 71. Rg6
Kc5 72. Rg2 Kb4 73. Rg6 Kc3 74. Rg2 Kb3 75. Rg6 Kc2 76. Rg2+ Kd1 77. Rg4 Ke1
78. Rg1+ Kf2 79. Rg2+ Kf1 80. Rg4 Qf4+ 81. Kh1 Qe3 82. Kh2 Qf2+ 83. Rg2 Qf4+
84. Kh1 Ke1 85. Rg1+ Ke2 86. Rg2+ Ke3 87. Rg4 Qf1+ 88. Kh2 Qf6 89. Rg6 Qf4+ 90.
Kh1 Qxe4+ 91. dxe4 d3 92. Rg1 d2 93. Kg2 Kxe4 94. Kf2 Kd3 95. Ra1 Kc2 96. Ke2
1-0

[Event "II Open Oro Caffe'"]
[Site "Udine ITA"]
[Date "2009.07.06"]
[Round "1"]
[White "Del Forno Sinicco, Michele"]
[Black "Gaspardo, Francesco"]
[Result "1-0"]
[WhiteElo "1535"]
[BlackElo "1978"]
[PlyCount "63"]
[EventDate "2009.07.06"]

1. Nf3 Nf6 2. c4 d6 3. d4 g6 4. g3 Bg7 5. Bg2 O-O 6. O-O Nbd7 7. Nc3 e5 8. dxe5
dxe5 9. e4 c6 10. Qc2 Qe7 11. Bg5 h6 12. Be3 b6 13. Rfd1 Ng4 14. Bc1 Bb7 15. b3
Rad8 16. Bb2 h5 17. h3 Ngf6 18. Qc1 Nc5 19. Qe3 Nfd7 20. Ba3 f5 21. Qg5 Qe6 22.
Bxc5 bxc5 23. Nh4 Rf6 24. Nxg6 Re8 25. Nh4 f4 26. Nf5 Rg6 27. Qxh5 fxg3 28.
Rxd7 gxf2+ 29. Kxf2 Rxg2+ 30. Kxg2 Qxd7 31. Rd1 Qe6 32. Rd6 1-0

[Event "II Open Oro Caffe'"]
[Site "Udine ITA"]
[Date "2009.07.06"]
[Round "1"]
[White "Fantini, Marco"]
[Black "Lippi, Agostino"]
[Result "1-0"]
[WhiteElo "2012"]
[BlackElo "1550"]
[PlyCount "45"]
[EventDate "2009.07.06"]

1. d4 d5 2. Nf3 Nf6 3. e3 Bg4 4. Bd3 Nbd7 5. Nbd2 e6 6. O-O Bd6 7. Re1 O-O 8.
e4 dxe4 9. Nxe4 Nxe4 10. Bxe4 Bxf3 11. Qxf3 c6 12. Qh3 f5 13. Bd3 Qf6 14. Bd2
Rae8 15. Bc3 Qe7 16. Re2 Nb6 17. Rae1 Rf6 18. Bd2 Nd5 19. g3 a6 20. Bg5 Nf4 21.
gxf4 Rg6 22. Kf1 Qf7 23. Bxf5 1-0

[Event "II Open Oro Caffe'"]
[Site "Udine ITA"]
[Date "2009.07.06"]
[Round "1"]
[White "Fermo, Ruggero"]
[Black "Okhotnik, Vladimir"]
[Result "0-1"]
[WhiteElo "1765"]
[BlackElo "2449"]
[PlyCount "26"]
[EventDate "2009.07.06"]

1. e4 Nc6 2. d4 d5 3. e5 Bf5 4. Bb5 Qd7 5. Nf3 a6 6. Bxc6 Qxc6 7. c3 e6 8. O-O
h6 9. h3 Ne7 10. Re1 g5 11. Nh2 Bg7 12. Ng4 O-O-O 13. Qe2 13... h5 {...} 0-1

[Event "II Open Oro Caffe'"]
[Site "Udine ITA"]
[Date "2009.07.06"]
[Round "1"]
[White "Gabassi, Cristina"]
[Black "Pagnutti, Lorenzo"]
[Result "0-1"]
[WhiteElo "1635"]
[BlackElo "2104"]
[PlyCount "66"]
[EventDate "2009.07.06"]

1. e4 e5 2. Nf3 Nc6 3. Bb5 a6 4. Ba4 Nf6 5. d4 exd4 6. O-O Be7 7. Re1 b5 8. Bb3
d6 9. Bd5 Bd7 10. Bg5 O-O 11. Qd2 Nxd5 12. exd5 Ne5 13. Bxe7 Qxe7 14. Nxd4 Qf6
15. Nc3 Nc4 16. Qd3 Nxb2 17. Qe4 b4 18. Nd1 Nc4 19. Re2 Nb6 20. c4 Nxc4 21. Rc1
Nb6 22. Nc6 Bxc6 23. dxc6 a5 24. f4 Qd8 25. Rcc2 Re8 26. Qf5 g6 27. Qg4 Qf6 28.
Ne3 Re4 29. g3 Rae8 30. Qf3 Qd4 31. Kf2 a4 32. Rcd2 Qc5 33. Rc2 Nc4 0-1

[Event "II Open Oro Caffe'"]
[Site "Udine ITA"]
[Date "2009.07.06"]
[Round "1"]
[White "Gabassi, Francesco"]
[Black "Piasentin, Oscar"]
[Result "1-0"]
[WhiteElo "1888"]
[BlackElo "1455"]
[PlyCount "85"]
[EventDate "2009.07.06"]

1. e4 Nc6 2. d4 d5 3. e5 Bf5 4. c3 e6 5. Nf3 Be7 6. Bb5 a6 7. Bxc6+ bxc6 8. O-O
c5 9. Be3 c4 10. Qa4+ Qd7 11. Qxd7+ Kxd7 12. Nbd2 Rb8 13. b4 cxb3 14. axb3 Bd3
15. Rfc1 Nh6 16. Bxh6 gxh6 17. c4 Rhg8 18. Rxa6 dxc4 19. bxc4 Rb2 20. Nf1 Bg5
21. Nxg5 Rxg5 22. Ne3 h5 23. h4 Rg8 24. d5 Rgb8 25. Rd1 Rb1 26. Rxb1 Rxb1+ 27.
Kh2 Rb7 28. d6 Be2 29. Ra2 Bd3 30. Rd2 Bg6 31. c5 cxd6 32. cxd6 Be4 33. Ra2 Bd5
34. Nxd5 exd5 35. Rc2 Ke6 36. f4 f5 37. Rc8 d4 38. Rc4 Kd5 39. Rc7 Rb8 40. Kg1
d3 41. Kf2 Kd4 42. d7 Rb2+ 43. Kf3 1-0